00886naa a22002417a 4500001001000000003000900010005001700019007000300036008003400039040005400073041000900127072001900136100002100155245006500176250001100241260004600252500015600298650002100454650001100475650000800486650001000494773014000504BR8106395BR-BrBNA20240918174952.0ta230509b bl.||||| |||| 00| 0 por d aBR-BrBNAbporcBiblioteca Nacional de Agricultura a(Pt) aH10; L50b40201 aMariconi, F.A.M.1 aMetamorfoses dos insetos. Ciclo evolutivo [Estrutura animal]1 a5. ed.3 aSao Paulo, SP (Brasil): bNobel, c1981.  aMariconi, F.A.M. Inseticidas e seu emprego no combate as pragas v. 1 Defensivos 5. ed. Sao Paulo, SP (Brasil): Nobel, 1981. p. 22-30 (BR8106395-AM)H10  aESTRUTURA ANIMAL aINSETO aOVO aLARVA0 tInseticidas e seu emprego no combate as pragas v. 1 DefensivosaMariconi, F.A.M.wH10 BR8106395gSao Paulo, SP (Brasil), 1981. p. 22-30